000 00503nam a2200157 4500
001 112214
003 ES-MaACL
005 20230906185456.0
007 t|
008 061121s1920 fr r ||||1| fre d
100 1 _aNicolle, Maurice.
_985601
245 1 4 _aLes antigénes et les anticorps
_b: caratères généraux-applications diagnostiques, applications thérapeutiques /
_cpar M. Nicolle.
260 _aParis :
_bMasson et Cie.,
_c1920.
300 _a80 p. ;
_c21 cm.
852 _aES-MaACL
_jB-11965
999 _c112214
_d112214